00581nam a22001817a 45000050016000000100015000160200026000310350013000570370013000700820008000831000020000912450112001112600043002232700068002663000042003345000020003767000003003962010081407127.0 aENG-100501 a9788185578941c395.00 aEN-84034 bDBAD/PUB a610 aPonde, Vrushali aAn illustrative manual of ultrasound guided regional anesthesia :cby Vrushali Pondebchildren and adults / aMumbaibBhalani Publishing Housec2009 a11 Mavawala Building Opp. K.E.M. Hospital ParelbMumbaie400012 axii, 98p.:c24cm (pbk)bill.ephotoes a includes index